| 000 | 00785cab a2200205 4500 | ||
|---|---|---|---|
| 001 | ABS37625 | ||
| 008 | 090401t1987 xxu||||| |||| 00| 0 eng d | ||
| 035 | _a(Sirsi) u5673 | ||
| 041 | _aeng | ||
| 100 | _aSyms, P. | ||
| 245 | 4 | _aThe way forward for British industry? | |
| 260 | _c1987 | ||
| 350 | _a0 | ||
| 490 |
_aEstates Gazette _v282(6331) 25 April 1987, 412-413(2) |
||
| 520 | _aReviews science parks developed or sponsored by academic institutions since 1982 indicating that they may need to introduce a greater degree of flexibility into their letting criteria if this form of development is to be utilised in the best interests of British industry. Photos. | ||
| 650 | _aTENANTS REQUIREMENTS | ||
| 690 | _aPLANNING LAW AND PRACTICE | ||
| 942 | _n0 | ||
| 948 | _c04/03/1997 | ||
| 999 |
_c3384 _d3384 |
||